Oeuvres complètes de W. Robertson / (Record no. 163628)

MARC details
000 -LEADER
campo de control de longitud fija 00996nam a2200217 i 4500
001 - NÚMERO DE CONTROL
campo de control 163628
003 - IDENTIFICADOR DE NÚMERO DE CONTROL
campo de control ES-MaACL
005 - FECHA Y HORA DE LA ÚLTIMA TRANSACCIÓN
campo de control 20230906212758.0
008 - DATOS DE LONGITUD FIJA--INFORMACIÓN GENERAL
campo de control de longitud fija 050715s1840 fr | |||||||| ||fre d
040 ## - FUENTE DE CATALOGACIÓN
Centro catalogador/agencia de origen CAM
Lengua de catalogación spa
Centro/agencia transcriptor CAM
100 1# - ENTRADA PRINCIPAL--NOMBRE DE PERSONA
Nombre de persona Robertson, William (
Fechas asociadas al nombre 1721-1793)
9 (RLIN) 164575
245 10 - MENCIÓN DEL TÍTULO
Título Oeuvres complètes de W. Robertson /
Mención de responsabilidad, etc. précédées d'une notice par J.A.C. Buchon.
260 ## - PUBLICACIÓN, DISTRIBUCIÓN, ETC.
Lugar de publicación, distribución, etc. Paris :
Nombre del editor, distribuidor, etc. Auguste Desrez imprimeur-éditeur,
Fecha de publicación, distribución, etc. 1840 (
Lugar de fabricación/manufactura Batignolles-Monceaux :
Fabricante Imprimerie d'Auguste Desrez)
300 ## - DESCRIPCIÓN FÍSICA
Extensión 2 v. (VI, 636; VIII, 876 p.) ;
Dimensiones 26 cm.
490 1# - MENCIÓN DE SERIE
Mención de serie Panthéon littéraire. Littérature anglaise. Histoire
505 8# - NOTA DE CONTENIDO CON FORMATO
Nota de contenido con formato Contiene: t. 1. Histoire de l'empereur Charles-Quint ; Recherches historiques sur l'Inde ancienne. -- t. 2. Histoire d'Ecosse ; Histoire d'Amérique
700 1# - ENTRADA AGREGADA--NOMBRE PERSONAL
Nombre de persona Buchon, Jean-Alexandre.
9 (RLIN) 126221
830 0# - PUNTO DE ACCESO ADICIONAL DE SERIE-TÍTULO UNIFORME
Título uniforme Panthéon littéraire. Littérature anglaise. Histoire
9 (RLIN) 188441
852 ## - LOCALIZACIÓN
Ubicación ES-MaACL
Número de control de estantería G-13586-87
Nota libre -- Enc. hol.
Holdings
Estatus retirado Estado de pérdida Estado de daño No para préstamo Colección Biblioteca de origen Biblioteca actual Ubicación en estantería Fecha de adquisición Total de préstamos Signatura topográfica completa Código de barras Visto por última vez Precio de reemplazo Tipo de ítem Koha
        Libros del s. XIX Biblioteca del Ateneo de Madrid Biblioteca del Ateneo de Madrid Sala Pecera Planta 3 17/01/2008   G-13586-87 1171470 23/02/2023 23/02/2023 Libro impreso antiguo